| 000 | 00564nam a22001817a 4500 | ||
|---|---|---|---|
| 010 | _aENG-120517 | ||
| 020 |
_a9788190164245 _c450.00 |
||
| 035 | _aEN-104049 | ||
| 037 | _bDBAD/PUB | ||
| 082 | _a330.954 | ||
| 100 | _aAgrawal, K.C. | ||
| 245 |
_aCrusade India : _btowards a new dawn / _cby K.C. Agrawal |
||
| 260 |
_aUttar Pradesh _bKnowledge Books Inc. _c2007 |
||
| 270 |
_aP.O. Box-536, Sector-37, Post Office, Noida _bUttar Pradesh _e201303 |
||
| 300 |
_axx,393p. _b23cm(pbk). |
||
| 700 | _aPrakasam, V. | ||
| 942 |
_2ddc _cEN _h330.954 _mAGA |
||
| 999 |
_c144196 _d144196 |
||